[Event "California State-ch"]
[Site "San Jose"]
[Date "2006.05.21"]
[Round "5"]
[White "Tian, Warren"]
[Black "Azhar, Aamir"]
[Result "0-1"]
[WhiteElo "990"]
[BlackElo "1260"]
[PlyCount "116"]
[EventDate "2006.04.20"]
[EventType "swiss"]
[EventRounds "6"]
[EventCountry "USA"]
[SourceTitle "EXT 2009"]
[Source "ChessBase"]
[SourceDate "2008.11.26"]
[SourceVersion "1"]
[SourceVersionDate "2008.11.26"]
[SourceQuality "1"]

1. e4 e5 2. d4 exd4 3. c3 dxc3 4. Bc4 cxb2 5. Bxb2 Nc6 6. Nf3 Bb4+ 7. Nbd2 f6 8. 0-0 d6 9. a3 Ba5 10. Qb3 Nh6 11. Bc3 Bxc3 12. Qxc3 Bg4 13. Rfe1 Qd7 14. Rab1 0-0-0 15. Qb3 Na5 16. Qb4 b6 17. h3 Bxf3 18. Nxf3 Nb7 19. Qb3 Qc6 20. Bd5 Qc5 21. a4 g5 22. Rec1 Qa5 23. Qc2 Qc5 24. e5 Qxc2 25. Rxc2 dxe5 26. Bxb7+ Kxb7 27. a5 Rd7 28. Ra2 Rhd8 29. a6+ Kb8 30. Rbb2 Nf5 31. g4 Nd4 32. Nxd4 Rxd4 33. Kg2 Rf4 34. Rd2 Rxd2 35. Rxd2 Rd4 36. Re2 Kc8 37. f3 Kd7 38. Kg3 c5 39. h4 h6 40. hxg5 hxg5 41. Rh2 Kc6 42. Rh6 Kb5 43. Rxf6 Kxa6 44. Rf5 c4 45. Rxe5 c3 46. Re2 Rd2 47. Re1 c2 48. Rc1 b5 49. f4 gxf4+ 50. Kxf4 b4 51. Ke3 Rg2 52. Kd3 b3 53. Kc3 Rg3+ 54. Kb2 Kb5 55. g5 Kb4 56. g6 Rxg6 57. Ka1 Ra6+ 58. Kb2 Ra2# 0-1